Chile na stredoeurópskej scéne
Záznam zo seminára o čilskej ekonomike. Geografia. Politická situácia. Pridruženie k medzinárodným organizáciam. Zahraničné investície a infraštruktúra. Ekonomické ukazovatele - HDP, obchodná a platobná bilancia, investície do bankovníctva, rybolovu, stavebníctva, poľnohospodárstva. Spolupráca slove...
Guardado en:
| Autor principal: | |
|---|---|
| Formato: | Capítulo de libro |
| Lenguaje: | eslovaco |
| Materias: | |
| Etiquetas: |
Sin Etiquetas, Sea el primero en etiquetar este registro!
|
MARC
| LEADER | 00000naa a2200000 4500 | ||
|---|---|---|---|
| 001 | r021830 | ||
| 005 | 20230801105332.1 | ||
| 041 | 0 | |a slo | |
| 044 | |a SK | ||
| 245 | 1 | 0 | |a Chile na stredoeurópskej scéne |c B. Zagar |
| 520 | |a Záznam zo seminára o čilskej ekonomike. Geografia. Politická situácia. Pridruženie k medzinárodným organizáciam. Zahraničné investície a infraštruktúra. Ekonomické ukazovatele - HDP, obchodná a platobná bilancia, investície do bankovníctva, rybolovu, stavebníctva, poľnohospodárstva. Spolupráca slovenských stavebných podnikov s čilskými. | ||
| 610 | 2 | 0 | |a Čile |
| 610 | 2 | 0 | |a situácia hospodárska |
| 610 | 2 | 0 | |a geografia |
| 610 | 2 | 0 | |a geografia hospodárska |
| 610 | 2 | 0 | |a organizácie medzinárodné |
| 610 | 2 | 0 | |a produkt domáci hrubý |
| 610 | 2 | 0 | |a bilancia platobná |
| 610 | 2 | 0 | |a bilancia obchodná |
| 610 | 2 | 0 | |a investície |
| 610 | 2 | 0 | |a bankovníctvo |
| 610 | 2 | 0 | |a rybolov |
| 610 | 2 | 0 | |a stavebníctvo |
| 610 | 2 | 0 | |a poľnohospodárstvo |
| 610 | 2 | 0 | |a spolupráca podnikov |
| 610 | 2 | 0 | |a podnik stavebný |
| 610 | 2 | 0 | |a investície zahraničné |
| 610 | 2 | 0 | |a infraštruktúra |
| 100 | 1 | |a Zagar, B. | |